ŠTRUKTURALIZÁCIA A HIERARCHIZÁCIA PLÁNOV KVALITY

Bibliographic Details
Main Author: Nováková, Renata (Author)
Format: Article
Language:Slovak

MARC

LEADER 00000nab a2200000 a 4500
001 vtls011111183
003 SK-MaSNL
005 20260303150438.0
008 230222|1999 xo |||||||||||||||||slo|
015 |a SNBRB 
035 |a (uuid)6c0aea91-33d9-412b-8135-9761bb4fa7e5 
035 |a (urnnbn)urn:nbn:sk:snk:ar-a08f76 
035 |a urn:nbn:sk:snk-ab9hu5 
040 |a SNKBUCL  |b slo  |c SNKBUCL  |e AACR2 
041 0 |a slo 
044 |a xo  |c SK 
100 1 |a Nováková, Renata  |4 aut  |9 328994 
245 1 0 |a ŠTRUKTURALIZÁCIA A HIERARCHIZÁCIA PLÁNOV KVALITY  |c Renata Nováková 
773 0 |t Vedecké práce Materiálovotechnologickej fakulty Slovenskej technickej univerzity v Bratislave so sídlom v Trnave  |g Č. 7 (1999), s. 247-251 
954 |a odborná, vedecká literatúra pôvodná (slovenská)  |2 lita 
958 |a OND 
958 |a EUIPO 
958 |a article13 
999 |c 2010721  |d 2012651